| 000 | 00671nam a2200205Ii 4500 | ||
|---|---|---|---|
| 003 | JO-AjNU | ||
| 008 | 230605s9999||||xx |||||||||||||| ||und|| | ||
| 017 | _a2005/24009 | ||
| 040 |
_aJO-AjNU _bara _erda _cJO-AjNU |
||
| 041 | _aara | ||
| 050 | 1 | 4 | _aBP134.C6.M83 |
| 100 | 3 |
_aعبدالله، محمد محمود, _eauthor _935987 |
|
| 245 | 0 | 0 | _aمظاهر كونية في معالم قرآنية |
| 264 | 3 | 1 | _aالازهر: مكتبة الايمان، 2005 |
| 300 | _a189ص | ||
| 336 |
_atext _btxt _2rdacontent |
||
| 337 |
_aunmediated _bn _2rdamedia |
||
| 338 |
_avolume _bnc _2rdacarrier |
||
| 650 | 4 |
_aالقران والكون - القران - اعجاز _935988 |
|
| 999 |
_aA14911 _c18479 _d18479 |
||